Ente Kalahavum Samvadavum(Part II) (Record no. 137771)

MARC details
000 -LEADER
fixed length control field 00490nam a22001937a 4500
003 - CONTROL NUMBER IDENTIFIER
control field OSt
005 - DATE AND TIME OF LATEST TRANSACTION
control field 20260219145710.0
008 - FIXED-LENGTH DATA ELEMENTS--GENERAL INFORMATION
fixed length control field 260219b |||||||| |||| 00| 0 eng d
040 ## - CATALOGING SOURCE
Transcribing agency SBCL
082 ## - DEWEY DECIMAL CLASSIFICATION NUMBER
Classification number 230
Item number KAC-E
100 ## - MAIN ENTRY--PERSONAL NAME
Personal name Kachiramattam,John
245 ## - TITLE STATEMENT
Title Ente Kalahavum Samvadavum(Part II)
250 ## - EDITION STATEMENT
Edition statement 1st ed.
260 ## - PUBLICATION, DISTRIBUTION, ETC.
Place of publication, distribution, etc. Kottayam
Name of publisher, distributor, etc. Kachiramattam Foundation
Date of publication, distribution, etc. 2014
300 ## - PHYSICAL DESCRIPTION
Extent 112 p.
630 ## - SUBJECT ADDED ENTRY--UNIFORM TITLE
General subdivision Religion
650 ## - SUBJECT ADDED ENTRY--TOPICAL TERM
Topical term or geographic name entry element Christianity & Christian theology
942 ## - ADDED ENTRY ELEMENTS (KOHA)
Koha item type BOOK
Holdings
Withdrawn status Lost status Source of classification or shelving scheme Damaged status Use restrictions Not for loan Home library Current library Date acquired Total Checkouts Full call number Barcode Shelving location Date last seen Cost, replacement price Price effective from Koha item type
    Dewey Decimal Classification   RESTRICTED   SB LIBRARY SB LIBRARY 19/02/2026   230 KAC-E CC0310 CATHOLIC COLLECTION 19/02/2026 135.00 19/02/2026 BOOK

Powered by Koha